Оптимизация устройства "Гамма-500"; Неразрушающий контроль: электронное приборостроение, технологии, безопасность; Т. 2

Detaylı Bibliyografya
Parent link:Неразрушающий контроль: электронное приборостроение, технологии, безопасность: сборник трудов V Всероссийской научно-практической конференции студентов, аспирантов и молодых учёных, Томск, 25-29 мая 2015 г./ Национальный исследовательский Томский политехнический университет (ТПУ).— , 2015
Т. 2.— 2015.— [С. 123-125]
Yazar: Маслов А. В.
Müşterek Yazar: Национальный исследовательский Томский политехнический университет (ТПУ) Институт неразрушающего контроля (ИНК) Кафедра оборудования и технологии сварочного производства (ОТСП)
Diğer Yazarlar: Киселёв А. С. Алексей Сергеевич (научный руководитель)
Özet:Заглавие с титульного экрана
Dil:Rusça
Baskı/Yayın Bilgisi: 2015
Seri Bilgileri:Сварка и родственные технологии
Konular:
Online Erişim:http://earchive.tpu.ru/handle/11683/23574
http://www.lib.tpu.ru/fulltext/c/2015/C36/V2/035.pdf
Materyal Türü: MixedMaterials Elektronik Kitap Bölümü
KOHA link:https://koha.lib.tpu.ru/cgi-bin/koha/opac-detail.pl?biblionumber=614316

MARC

LEADER 00000naa2a2200000 4500
001 614316
005 20231101132812.0
035 |a (RuTPU)RU\TPU\conf\12486 
090 |a 614316 
100 |a 20150921d2015 k y0rusy50 ca 
101 0 |a rus 
102 |a RU 
105 |a y z 101zy 
135 |a drcn ---uucaa 
181 0 |a i  
182 0 |a b 
200 1 |a Оптимизация устройства "Гамма-500"  |f А. В. Маслов  |g науч. рук. А. С. Киселёв 
203 |a Текст  |c электронный 
225 1 |a Сварка и родственные технологии 
230 |a 1 компьютерный файл (pdf; 409 Kb) 
300 |a Заглавие с титульного экрана 
320 |a [Библиогр.: с. 125 (1 назв.)] 
337 |a Adobe Reader 
461 1 |0 (RuTPU)RU\TPU\conf\12353  |t Неразрушающий контроль: электронное приборостроение, технологии, безопасность  |o сборник трудов V Всероссийской научно-практической конференции студентов, аспирантов и молодых учёных, Томск, 25-29 мая 2015 г.  |o в 2 т.  |f Национальный исследовательский Томский политехнический университет (ТПУ)  |d 2015 
463 1 |0 (RuTPU)RU\TPU\conf\12355  |t Т. 2  |v [С. 123-125]  |d 2015 
610 1 |a труды учёных ТПУ 
610 1 |a электронный ресурс 
610 1 |a оптимизация 
610 1 |a сварочные выпрямители 
610 1 |a генераторы 
610 1 |a дуговая сварка 
610 1 |a полупроводниковые приборы 
700 1 |a Маслов  |b А. В. 
702 1 |a Киселёв  |b А. С.  |c специалист в области сварочного производства  |c заведующий кафедрой Томского политехнического университета, кандидат технических наук  |f 1955-  |g Алексей Сергеевич  |2 stltpush  |4 727 
712 0 2 |a Национальный исследовательский Томский политехнический университет (ТПУ)  |b Институт неразрушающего контроля (ИНК)  |b Кафедра оборудования и технологии сварочного производства (ОТСП)  |h 77  |2 stltpush  |3 (RuTPU)RU\TPU\col\18708 
801 2 |a RU  |b 63413507  |c 20210208  |g RCR 
856 4 |u http://earchive.tpu.ru/handle/11683/23574 
856 4 |u http://www.lib.tpu.ru/fulltext/c/2015/C36/V2/035.pdf 
942 |c BK